Colombia: el voto indigena
Saved in:
| Format: | Text |
|---|---|
| Subjects: | |
| Tags: |
Add Tag
No Tags, Be the first to tag this record!
|
MARC
| LEADER | 00000 a a2200000 04500 | ||
|---|---|---|---|
| 001 | 44599 | ||
| 003 | |||
| 040 | |||
| 245 | |a Colombia: |b el voto indigena | ||
| 650 | |a SISTEMAS ELECTORALES | ||
| 650 | |a VOTOS | ||
| 650 | |a PATIDOS POLITICOS | ||
| 650 | |a ESTADO | ||
| 650 | |a GOBIERNO | ||
| 650 | |a POBLACION INDIGENA | ||
| 650 | |a PARTICIPACION SOCIAL | ||
| 650 | |a PARTICIPACION ELECTORAL | ||
| 650 | |a CONDICIONES DE VIDA | ||
| 650 | |a PROPAGANDA | ||
| 650 | |a ELECCIONES | ||
| 773 | |g volumen10, número82 (1986), Página: 20 | ||
| 999 | |c 32753 |d 32753 | ||
